000 00290nam a22001337a 4500
008 260428b ||||| |||| 00| 0 eng d
020 _a9789928028044
041 _aShqip
080 _a821.1
100 _a20
101 _aroman
245 _aZemër
_cEdmondo De Amicis
942 _2udc
_cBK
999 _c61011
_d61011